[Event "61. BEM 2007"]
[Site "Dortmund"]
[Date "2007.02.26"]
[Round "1.13"]
[White "Stiebel, Erhard"]
[Black "Schütte, Tobias"]
[Result "0-1"]
[WhiteElo "1384"]
[BlackElo "1886"]
[PlyCount "68"]
[EventDate "2007.??.??"]
[Source "SG Dortmund"]
[SourceDate "2004.12.16"]

1. d4 f5 2. Nf3 Nf6 3. e3 e6 4. Bd3 Be7 5. O-O O-O 6. Nbd2 d5 7. Ne5 Nbd7 8. f4
Qe8 9. Rf3 c5 10. c3 Nxe5 11. fxe5 Ne4 12. Nf1 Bd7 13. Bd2 Bb5 14. Be2 g5 15.
Ng3 g4 16. Rf1 Ng5 17. a4 Bxe2 18. Nxe2 h5 19. Nf4 Qf7 20. Qb3 Ne4 21. Be1 Bg5
22. c4 Bxf4 23. Rxf4 Rfd8 24. cxd5 Rxd5 25. Rd1 Rad8 26. Bc3 Qd7 27. Qc2 Rxe5
28. Rff1 Rd5 29. Ba5 b6 30. Bc3 e5 31. Qb3 Kg7 32. dxe5 Nxc3 33. Qxc3 Kg6 34.
Rxd5 Qxd5 0-1

[Event "61. BEM 2007"]
[Site "Dortmund"]
[Date "2007.02.26"]
[Round "1.14"]
[White "Ziperstein, Jakob"]
[Black "Dörre, Niels"]
[Result "1-0"]
[WhiteElo "1858"]
[BlackElo "1374"]
[PlyCount "91"]
[EventDate "2007.??.??"]
[Source "SG Dortmund"]
[SourceDate "2004.12.16"]

1. e4 c6 2. Nf3 d5 3. exd5 cxd5 4. d4 Nf6 5. Bd3 g6 6. O-O Bg7 7. Re1 O-O 8.
Nbd2 Nc6 9. c3 Re8 10. Nf1 Qc7 11. Bg5 Bg4 12. h3 Bxf3 13. Qxf3 Rad8 14. Re2 h6
15. Bh4 Nh5 16. Bb5 Qf4 17. Qxf4 Nxf4 18. Re3 g5 19. Bg3 e5 20. Bxc6 bxc6 21.
dxe5 Rxe5 22. Bxf4 gxf4 23. Rf3 Re2 24. Rxf4 Rxb2 25. Ra4 Bxc3 26. Rd1 a5 27.
Ne3 Re8 28. Rg4+ Kh7 29. Rd3 Rb1+ 30. Kh2 Be5+ 31. f4 Bc7 32. Nf5 Rg8 33. Rdg3
Rxg4 34. Rxg4 Rf1 35. g3 Bb6 36. Rg7+ Kh8 37. h4 d4 38. Kg2 Re1 39. Rxf7 d3 40.
Rd7 Re2+ 41. Kf3 Rf2+ 42. Kg4 d2 43. h5 Re2 44. Nxh6 Bc5 45. Kg5 Bb4 46. Kg6
1-0

[Event "61. BEM 2007"]
[Site "Dortmund"]
[Date "2007.02.26"]
[Round "1.15"]
[White "Clausen, Dirk"]
[Black "Gorzinski, Dariusz"]
[Result "1/2-1/2"]
[WhiteElo "1370"]
[BlackElo "1855"]
[PlyCount "102"]
[EventDate "2007.??.??"]
[Source "SG Dortmund"]
[SourceDate "2004.12.16"]

1. c4 f5 2. Nc3 Nf6 3. d4 g6 4. g3 Bg7 5. Nf3 d6 6. Bg2 O-O 7. O-O h6 8. Re1
Na6 9. Qc2 g5 10. h3 Qe8 11. e4 Nb4 12. Qb3 Nd3 13. Re3 Nxc1 14. Rxc1 f4 15.
Re2 fxg3 16. fxg3 Nh5 17. Kh2 g4 18. hxg4 Bxg4 19. Nd5 Qd7 20. Re3 c6 21. Nb4
Be6 22. d5 Bg4 23. e5 Bxf3 24. Bxf3 Qf5 25. dxc6 bxc6 26. Nxc6 Qg5 27. Nxe7+
Qxe7 28. exd6 Qg5 29. Bxa8 Nxg3 30. Bd5+ Kh8 31. Rxg3 Qxc1 32. Rxg7 Kxg7 33.
Qc3+ Qxc3 34. bxc3 Kf6 35. c5 Ke5 36. c4 Kd4 37. c6 Kc5 38. d7 Kd6 39. Bg2 Kc7
40. Kg3 a5 41. a4 Rg8+ 42. Kh3 Rb8 43. Kg4 Rb4 44. Bd5 Rxa4 45. Kf5 Ra2 46. Kg6
Rd2 47. Kf7 Re2 48. Be6 Kd8 49. c7+ Kxc7 50. Ke7 Rd2 51. Bd5 Re2+ 1/2-1/2

[Event "61. BEM 2007"]
[Site "Dortmund"]
[Date "2007.02.26"]
[Round "1.16"]
[White "Büchle, Manfred"]
[Black "Rutmann, Ulrich"]
[Result "1-0"]
[WhiteElo "1851"]
[BlackElo "1367"]
[PlyCount "47"]
[EventDate "2007.??.??"]
[Source "SG Dortmund"]
[SourceDate "2004.12.16"]

1. e4 d6 2. d4 Nf6 3. Nc3 g6 4. Nf3 Bg4 5. h3 Bxf3 6. Qxf3 Bg7 7. e5 dxe5 8.
dxe5 Nfd7 9. Qxb7 Nb6 10. Bb5+ c6 11. Bxc6+ Nxc6 12. Qxc6+ Nd7 13. f4 O-O 14.
Be3 e6 15. Rd1 Qh4+ 16. Bf2 Qxf4 17. Rxd7 Qxe5+ 18. Qe4 Qa5 19. O-O Bxc3 20.
bxc3 Qxc3 21. Bd4 Qg3 22. Rdxf7 Rfe8 23. Rg7+ Kh8 24. Rxg6+ 1-0

[Event "61. BEM 2007"]
[Site "Dortmund"]
[Date "2007.02.26"]
[Round "1.17"]
[White "Marienfeld, Udo"]
[Black "Kartsev, Alexandr"]
[Result "0-1"]
[WhiteElo "1349"]
[BlackElo "1835"]
[PlyCount "77"]
[EventDate "2007.??.??"]
[Source "SG Dortmund"]
[SourceDate "2004.12.16"]

1. e4 c5 2. Nf3 d6 3. d4 cxd4 4. Nxd4 Nf6 5. Nc3 a6 6. Bc4 e5 7. Nf3 Be7 8. O-O
O-O 9. Re1 Nbd7 10. Be3 b5 11. Bd5 Nxd5 12. Nxd5 Bb7 13. Nxe7+ Qxe7 14. Nd2
Rac8 15. Rc1 f5 16. f3 fxe4 17. Nxe4 Bxe4 18. fxe4 Nf6 19. Bg5 Qa7+ 20. Kh1 Qf2
21. Rf1 Qc5 22. Bxf6 gxf6 23. Qg4+ Kh8 24. Qh4 Qe3 25. Rce1 Qg5 26. Qxg5 fxg5
27. c3 Kg7 28. Kg1 Rf6 29. Rxf6 Kxf6 30. g4 Ke6 31. Rd1 Rf8 32. Rf1 Rf4 33.
Rxf4 exf4 34. Kf2 Ke5 35. Kf3 a5 36. b4 axb4 37. cxb4 h6 38. a3 Kd4 39. h4 0-1

[Event "61. BEM 2007"]
[Site "Dortmund"]
[Date "2007.02.26"]
[Round "1.18"]
[White "Gitschel, Ralf"]
[Black "Schaefer, Ulrich"]
[Result "1-0"]
[WhiteElo "1831"]
[BlackElo "1347"]
[PlyCount "53"]
[EventDate "2007.??.??"]
[Source "SG Dortmund"]
[SourceDate "2004.12.16"]

1. d4 Nf6 2. c4 e6 3. Nc3 Bb4 4. Qc2 c5 5. dxc5 Nc6 6. Nf3 d5 7. cxd6 Qxd6 8.
Bd2 O-O 9. Rd1 Rd8 10. e3 e5 11. Be2 Bg4 12. O-O a6 13. a3 Bxc3 14. Bxc3 Qe7
15. b4 b5 16. c5 Nd5 17. Qb2 Nxc3 18. Qxc3 e4 19. Nd4 Ne5 20. Bxg4 Nxg4 21. h3
Ne5 22. Qc2 Nc4 23. Nc6 Qf6 24. Rxd8+ Rxd8 25. Nxd8 Qxd8 26. Rd1 Qe7 27. Qxe4
1-0

[Event "61. BEM 2007"]
[Site "Dortmund"]
[Date "2007.02.26"]
[Round "1.19"]
[White "Bötzel, Sascha"]
[Black "Grube, Jörg"]
[Result "0-1"]
[WhiteElo "1333"]
[BlackElo "1829"]
[PlyCount "50"]
[EventDate "2007.??.??"]
[Source "SG Dortmund"]
[SourceDate "2004.12.16"]

1. d4 Nf6 2. c4 e6 3. Nc3 Bb4 4. Bg5 h6 5. Bxf6 Qxf6 6. a3 Bxc3+ 7. bxc3 c5 8.
Nf3 O-O 9. g3 Nc6 10. Bg2 d6 11. O-O Rb8 12. e3 Na5 13. Nd2 b6 14. Ne4 Qe7 15.
Nd2 Ba6 16. Re1 Nxc4 17. Nxc4 Bxc4 18. Bf1 Bxf1 19. Rxf1 d5 20. Qd2 Rfc8 21.
Rfc1 Rc7 22. Qb2 Rc6 23. Rc2 Rbc8 24. Rac1 Qc7 25. Re2 cxd4 0-1

[Event "61. BEM 2007"]
[Site "Dortmund"]
[Date "2007.02.26"]
[Round "1.20"]
[White "Krause, Dieter"]
[Black "Pachura, Karl-Heinz"]
[Result "1-0"]
[WhiteElo "1824"]
[BlackElo "1332"]
[PlyCount "80"]
[EventDate "2007.??.??"]
[Source "SG Dortmund"]
[SourceDate "2004.12.16"]

1. c4 Nf6 2. d4 e6 3. g3 c6 4. Bg2 d5 5. Nf3 Be7 6. O-O O-O 7. b3 Kh8 8. Qc2
Ng8 9. e4 dxe4 10. Qxe4 f5 11. Qc2 Nf6 12. Nc3 Nbd7 13. Re1 Nb6 14. a4 a5 15.
Bf4 h6 16. h4 Bb4 17. Ne5 Qe8 18. Bd2 Nbd7 19. d5 Nxe5 20. Rxe5 Bd6 21. Re2 e5
22. dxc6 bxc6 23. Nb5 Qd7 24. Rd1 cxb5 25. Bxa8 e4 26. Bf4 Qa7 27. Bxd6 Rd8 28.
Bc6 Ng4 29. Bf4 Rxd1+ 30. Qxd1 Be6 31. Qd8+ Kh7 32. Bd5 Qd4 33. Rd2 Qa1+ 34.
Kg2 Bxd5 35. Qxd5 Qf6 36. axb5 e3 37. Bxe3 Nxe3+ 38. fxe3 Qg6 39. Rf2 Qe8 40.
Qxf5+ Kg8 1-0

[Event "61. BEM 2007"]
[Site "Dortmund"]
[Date "2007.02.26"]
[Round "1.21"]
[White "Strotmann, Dieter"]
[Black "Kropp, Andreas"]
[Result "1-0"]
[WhiteElo "1320"]
[BlackElo "1821"]
[PlyCount "52"]
[EventDate "2007.??.??"]
[Source "SG Dortmund"]
[SourceDate "2004.12.16"]

1. Nf3 Nf6 2. d4 g6 3. c4 Bg7 4. Nc3 O-O 5. e4 d6 6. Be3 e5 7. Be2 Nc6 8. d5
Ne7 9. h3 Nh5 10. Nd2 Nf4 11. Bxf4 exf4 12. Nf3 f5 13. Bd3 fxe4 14. Bxe4 Nf5
15. O-O Bd7 16. Qd2 a6 17. Rac1 Qf6 18. Rfd1 Rae8 19. Rc2 Re7 20. Qc1 Rfe8 21.
Re2 Nh4 22. Rdd2 Bf5 23. Nxh4 Qxh4 24. Bxf5 gxf5 25. f3 Bd4+ 26. Kh1 Qe1+ 1-0

[Event "61. BEM 2007"]
[Site "Dortmund"]
[Date "2007.02.26"]
[Round "1.22"]
[White "Hardt, Helmut"]
[Black "Bollmann, Marcel"]
[Result "1/2-1/2"]
[WhiteElo "1793"]
[BlackElo "1280"]
[PlyCount "127"]
[EventDate "2007.??.??"]
[Source "SG Dortmund"]
[SourceDate "2004.12.16"]

1. e4 e5 2. Nc3 Nf6 3. Bc4 Bc5 4. Nf3 d6 5. O-O O-O 6. d3 Bg4 7. Bg5 Nbd7 8.
Nd5 c6 9. Ne3 Qb6 10. h3 Bh5 11. Nf5 Rfe8 12. Qd2 d5 13. exd5 cxd5 14. Bb3 Bxf3
15. gxf3 Qe6 16. d4 Qxf5 17. dxc5 Qxf3 18. Kh2 Nxc5 19. Bxf6 Nxb3 20. axb3 gxf6
21. Rg1+ Kh8 22. Rg3 Qf5 23. Ra5 d4 24. Qxd4 exd4 25. Rxf5 Re2 26. c3 Rg8 27.
cxd4 Rxg3 28. Kxg3 Rxb2 29. Rb5 b6 30. Kf3 Kg7 31. Ke3 Kf8 32. f4 Ke7 33. Kd3
Rf2 34. Ke4 Ke6 35. Rh5 Rb2 36. Rb5 f5+ 37. Kd3 Rf2 38. Re5+ Kf6 39. Re8 Rf3+
40. Kc4 Rxf4 41. Ra8 Rh4 42. Rxa7 f4 43. Ra6 f3 44. Rxb6+ Ke7 45. Ra6 f2 46.
Ra1 Rxh3 47. b4 Rf3 48. Rf1 h5 49. Kd5 f5 50. b5 Kd7 51. b6 h4 52. b7 Kc7 53.
Rb1 Kb8 54. Rf1 Kxb7 55. Ke5 Kc7 56. Ke6 Kd8 57. d5 h3 58. d6 h2 59. Ra1 Re3+
60. Kd5 Re1 61. Ra8+ Kd7 62. Ra7+ Kd8 63. Ra8+ Kd7 64. Ra7+ 1/2-1/2

[Event "61. BEM 2007"]
[Site "Dortmund"]
[Date "2007.02.26"]
[Round "1.23"]
[White "Krüger, Inge"]
[Black "Werner, Patrick"]
[Result "0-1"]
[WhiteElo "1253"]
[BlackElo "1783"]
[PlyCount "74"]
[EventDate "2007.??.??"]
[Source "SG Dortmund"]
[SourceDate "2004.12.16"]

1. d4 Nf6 2. c4 g6 3. Nc3 Bg7 4. Nf3 d6 5. e4 O-O 6. Be2 e5 7. d5 Na6 8. O-O
Nc5 9. Qc2 a5 10. Be3 Nh5 11. Bxc5 dxc5 12. Rfe1 Nf4 13. Bf1 Bg4 14. Qd1 f5 15.
h3 Bh5 16. g3 fxe4 17. Rxe4 Nxh3+ 18. Bxh3 Bxf3 19. Qe1 Bxe4 20. Nxe4 b6 21.
Qd1 Kh8 22. Rb1 Qe7 23. a3 h5 24. Bg2 Bh6 25. Qd3 Qf7 26. Rf1 Qf5 27. Kh2 g5
28. f3 Qg6 29. Qc3 Bg7 30. Qd2 g4 31. f4 exf4 32. gxf4 g3+ 33. Nxg3 Rae8 34. f5
Qg4 35. Rf4 Qg5 36. Ne4 Rxe4 37. Bxe4 Be5 0-1

[Event "61. BEM 2007"]
[Site "Dortmund"]
[Date "2007.02.26"]
[Round "1.24"]
[White "Grewe, Markus"]
[Black "Kiauka, Richard"]
[Result "1-0"]
[WhiteElo "1766"]
[BlackElo "1200"]
[PlyCount "69"]
[EventDate "2007.??.??"]
[Source "SG Dortmund"]
[SourceDate "2004.12.16"]

1. e4 g6 2. d4 Bg7 3. c4 c6 4. Nc3 e6 5. Nf3 Ne7 6. e5 d5 7. exd6 Qxd6 8. c5
Qc7 9. h4 b6 10. b4 Nd5 11. Nxd5 exd5 12. h5 Bg4 13. hxg6 fxg6 14. Be3 Nd7 15.
Qe2 Nf6 16. Bf4+ Qe7 17. Qxe7+ Kxe7 18. Bd6+ Kd8 19. Ne5 Kc8 20. f3 Bd7 21.
Ba6+ Kd8 22. O-O-O Ke8 23. Rde1 Ng8 24. Nxg6+ Kf7 25. Nxh8+ Bxh8 26. Rxh7+ Bg7
27. b5 Kg6 28. bxc6 Bxc6 29. Bd3+ Kf7 30. g4 bxc5 31. dxc5 a5 32. g5 a4 33. g6+
Kf6 34. Be5+ Kg5 35. Rg1# 1-0

[Event "61. BEM 2007"]
[Site "Dortmund"]
[Date "2007.02.26"]
[Round "1.25"]
[White "Schoppe, Hans-Werner"]
[Black "Schultz, Bernfried"]
[Result "0-1"]
[WhiteElo "1178"]
[BlackElo "1708"]
[PlyCount "44"]
[EventDate "2007.??.??"]
[Source "SG Dortmund"]
[SourceDate "2004.12.16"]

1. d4 Nf6 2. c4 e6 3. Nc3 Bb4 4. Bg5 O-O 5. Qc2 c5 6. e3 Nc6 7. Nf3 b6 8. Bd3
h6 9. Bh4 cxd4 10. Nxd4 Nxd4 11. exd4 Bb7 12. O-O Rc8 13. a3 Bd6 14. Qe2 Be7
15. Rac1 Re8 16. Bg3 d5 17. Be5 Qd7 18. cxd5 Nxd5 19. Bb5 Bc6 20. Ba6 Ra8 21.
Nxd5 Qxd5 22. Qc4 Qxg2# 0-1

[Event "61. BEM 2007"]
[Site "Dortmund"]
[Date "2007.02.26"]
[Round "1.26"]
[White "Ziemek, Gerhard"]
[Black "Hast, Stefan"]
[Result "1-0"]
[WhiteElo "1690"]
[BlackElo "1161"]
[PlyCount "37"]
[EventDate "2007.??.??"]
[Source "SG Dortmund"]
[SourceDate "2004.12.16"]

1. d4 Nf6 2. Nc3 g6 3. e4 d6 4. f4 Bg4 5. Nf3 a6 6. Be2 Bg7 7. O-O Nc6 8. Be3
O-O 9. Qe1 Qd7 10. a3 Rfb8 11. Rd1 b5 12. b4 Nd8 13. Qh4 Bxf3 14. Bxf3 c6 15.
e5 Ne8 16. d5 f6 17. dxc6 Nxc6 18. e6 Qxe6 19. Bd5 1-0

[Event "61. BEM 2007"]
[Site "Dortmund"]
[Date "2007.02.26"]
[Round "1.27"]
[White "Wodzinski, Kristin"]
[Black "Holtmann, Rainer"]
[Result "1/2-1/2"]
[WhiteElo "1057"]
[BlackElo "1679"]
[PlyCount "66"]
[EventDate "2007.??.??"]
[Source "SG Dortmund"]
[SourceDate "2004.12.16"]

1. d4 Nf6 2. c4 Nc6 3. Nc3 e5 4. d5 Ne7 5. Bg5 Ng6 6. e4 Bc5 7. Be2 h6 8. Bxf6
Qxf6 9. Nf3 d6 10. O-O a6 11. Qa4+ Bd7 12. Qb3 Rb8 13. Na4 Ba7 14. Rac1 Nf4 15.
Bd1 Qg6 16. g3 Nh3+ 17. Kg2 O-O 18. c5 Nf4+ 19. Kh1 Bxa4 20. Qxa4 Nd3 21. Rc2
Nxc5 22. Nh4 Nxa4 23. Nxg6 fxg6 24. Kg2 Rbc8 25. Bg4 Rb8 26. Rxc7 Bb6 27. Rd7
Nc5 28. Rxd6 Bc7 29. Rxg6 Nxe4 30. Rc1 Rxf2+ 31. Kg1 Kh7 32. Re6 Rf7 33. Bh5
Ng5 1/2-1/2

[Event "61. BEM 2007"]
[Site "Dortmund"]
[Date "2007.02.26"]
[Round "1.28"]
[White "Raskin, Vitali"]
[Black "Dedeck, Sylvia"]
[Result "1-0"]
[WhiteElo "1678"]
[BlackElo "1034"]
[PlyCount "93"]
[EventDate "2007.??.??"]
[Source "SG Dortmund"]
[SourceDate "2004.12.16"]

1. e4 e5 2. Nf3 Nc6 3. Bc4 Bc5 4. b4 Bb6 5. c3 a6 6. O-O Nf6 7. d3 O-O 8. Bg5
d6 9. Nbd2 Qe7 10. d4 exd4 11. cxd4 Nxd4 12. Re1 Nxf3+ 13. Nxf3 Be6 14. Bd5 c6
15. Bb3 Bd8 16. Nd4 Bxb3 17. Qxb3 Qe5 18. Nf3 Qe6 19. Qxe6 fxe6 20. e5 Nd5 21.
exd6 Bxg5 22. Nxg5 Nxb4 23. Rxe6 Rad8 24. Ne4 Rfe8 25. Rxe8+ Rxe8 26. f3 Rd8
27. Rb1 c5 28. a3 Nd5 29. Rxb7 Nf6 30. Nxf6+ gxf6 31. Rb6 c4 32. Rxa6 c3 33.
Rc6 c2 34. Rxc2 Rxd6 35. a4 Rd1+ 36. Kf2 Ra1 37. Rc4 Ra2+ 38. Kg3 Kg7 39. Rc7+
Kg6 40. Ra7 h6 41. a5 Kg5 42. a6 h5 43. h4+ Kf5 44. Ra8 Ra4 45. a7 Ke5 46. Re8+
Kf5 47. a8=Q 1-0

[Event "61. BEM 2007"]
[Site "Dortmund"]
[Date "2007.02.26"]
[Round "1.29"]
[White "Müller, Michaela"]
[Black "Volmer, Martin"]
[Result "0-1"]
[WhiteElo "1005"]
[BlackElo "1657"]
[PlyCount "74"]
[EventDate "2007.??.??"]
[Source "SG Dortmund"]
[SourceDate "2004.12.16"]

1. d4 d5 2. e4 e6 3. Nc3 Nf6 4. e5 Nfd7 5. f4 c5 6. Nf3 Nc6 7. Be3 a6 8. Be2 b5
9. a3 Qb6 10. Nb1 Be7 11. c3 a5 12. b3 O-O 13. O-O c4 14. b4 axb4 15. cxb4 Bxb4
16. a4 Bb7 17. Bd2 Bxd2 18. Nbxd2 Nxd4 19. Nxd4 Qxd4+ 20. Kh1 b4 21. Qc1 Ra5
22. Nf3 Qb6 23. Qc2 Rfa8 24. Ng5 g6 25. Bg4 b3 26. Qb1 Rxa4 27. Rxa4 Rxa4 28.
f5 exf5 29. Bxf5 Nxe5 30. Qe1 f6 31. Be6+ Kg7 32. Nxh7 Qxe6 33. Qh4 Nd7 34. h3
Qe5 35. Kg1 Ra1 36. Rxa1 Qxa1+ 37. Kh2 Qe5+ 0-1

[Event "61. BEM 2007"]
[Site "Dortmund"]
[Date "2007.02.26"]
[Round "1.30"]
[White "Flierdl, Lothar"]
[Black "Rabe, Mark"]
[Result "1-0"]
[WhiteElo "1646"]
[BlackElo "1004"]
[PlyCount "101"]
[EventDate "2007.??.??"]
[Source "SG Dortmund"]
[SourceDate "2004.12.16"]

1. d4 d5 2. Nf3 Nf6 3. c4 e6 4. Bg5 Be7 5. e3 O-O 6. Nc3 c5 7. dxc5 Ne4 8. Nxe4
dxe4 9. Qxd8 Bxd8 10. Bxd8 Rxd8 11. Nd2 Nd7 12. Nxe4 Ne5 13. Nd6 b6 14. Rd1
bxc5 15. Be2 Rb8 16. b3 Rb6 17. Nxc8 Rxc8 18. O-O Nc6 19. Rd2 a5 20. Rd6 g6 21.
Bf3 Rd8 22. Rxc6 Rxc6 23. Bxc6 Rd6 24. Bb5 Kg7 25. Re1 f5 26. Kf1 h5 27. Ke2 g5
28. Rd1 Rb6 29. f4 g4 30. g3 Kg6 31. Rd7 e5 32. fxe5 Re6 33. Rd5 Kg5 34. Rxc5
h4 35. Kf2 hxg3+ 36. hxg3 Rh6 37. Bc6 Rh2+ 38. Bg2 Rh7 39. Rxa5 Rd7 40. Ke2 Rh7
41. e6 Kf6 42. Ra6 Rh2 43. Kf2 Rh8 44. e4 Rd8 45. exf5 Rd2+ 46. Kg1 Rd1+ 47.
Kh2 Re1 48. b4 Kxf5 49. c5 Re5 50. Rd6 Kf6 51. a4 1-0

[Event "61. BEM 2007"]
[Site "Dortmund"]
[Date "2007.02.26"]
[Round "1.31"]
[White "Dirks, Rainer"]
[Black "Stepke, Horst P"]
[Result "0-1"]
[WhiteElo "979"]
[BlackElo "1636"]
[PlyCount "67"]
[EventDate "2007.??.??"]
[Source "SG Dortmund"]
[SourceDate "2004.12.16"]

1. e4 e5 2. Nf3 Nc6 3. Bb5 Nge7 4. O-O a6 5. Bxc6 Nxc6 6. d4 exd4 7. Nxd4 Be7
8. Nc3 O-O 9. Be3 Ne5 10. b3 d6 11. Nd5 Bd7 12. Nf5 Bxf5 13. exf5 Bf6 14. Nxf6+
Qxf6 15. Bd4 Qxf5 16. Bxe5 Qxe5 17. Re1 Qf6 18. Re3 d5 19. c3 Rad8 20. Rf3 Qd6
21. Qd3 c6 22. Rc1 Rfe8 23. Rh3 g6 24. Kf1 Re4 25. Qd2 Qf6 26. Qh6 Qg7 27. Qg5
Rde8 28. Re3 h6 29. Qg3 f5 30. Qd6 Rxe3 31. fxe3 Rxe3 32. Re1 Rxe1+ 33. Kxe1
Qxc3+ 34. Kf2 0-1

[Event "61. BEM 2007"]
[Site "Dortmund"]
[Date "2007.02.26"]
[Round "1.32"]
[White "Watzlawek, Volker"]
[Black "Eickmann, Martin"]
[Result "1-0"]
[WhiteElo "1636"]
[BlackElo "778"]
[PlyCount "69"]
[EventDate "2007.??.??"]
[Source "SG Dortmund"]
[SourceDate "2004.12.16"]

1. e4 e5 2. Bc4 Nf6 3. Nc3 Bc5 4. Nf3 Nc6 5. O-O O-O 6. d3 d5 7. Nxd5 Be6 8. c3
Re8 9. b4 Bd6 10. Bg5 h6 11. Bxf6 Qd7 12. Qd2 Kf8 13. Bh4 f6 14. Bxf6 gxf6 15.
Nxf6 Qf7 16. Qxh6+ Ke7 17. Nxe8 Qxe8 18. Qxe6+ Kd8 19. Qf6+ Ne7 20. Nxe5 Kc8
21. Be6+ Kb8 22. Nd7+ Kc8 23. Qg5 Nc6 24. Bf5 b6 25. Nf6+ Qd7 26. Nxd7 a5 27.
Nxb6+ Kb7 28. bxa5 Rxa5 29. Nc4 Rc5 30. Rab1+ Ka6 31. Qc1 Be5 32. Qa3+ Na5 33.
Nxa5 Rxa5 34. Bc8+ Ka7 35. Qxa5# 1-0

[Event "61. BEM 2007"]
[Site "Dortmund"]
[Date "2007.02.27"]
[Round "2.1"]
[White "Fiebig, Thomas"]
[Black "Gitschel, Ralf"]
[Result "1-0"]
[WhiteElo "2331"]
[BlackElo "1831"]
[PlyCount "177"]
[EventDate "2007.??.??"]
[Source "SG Dortmund"]
[SourceDate "2004.12.16"]

1. e4 c5 2. c3 Nf6 3. e5 Nd5 4. d4 cxd4 5. Nf3 Nc6 6. cxd4 e6 7. Bc4 Nb6 8. Bd3
d6 9. O-O Nd5 10. a3 Qc7 11. Re1 b6 12. b4 Bb7 13. Nbd2 dxe5 14. dxe5 Rd8 15.
Qb3 Be7 16. Bb2 O-O 17. Rad1 Rd7 18. Bb1 Nf4 19. Qc2 Ng6 20. h4 h5 21. Qc3 Nxh4
22. Nxh4 Bxh4 23. Qh3 Qd8 24. Bc3 g6 25. Be4 Bg5 26. Qf3 Bxd2 27. Rxd2 Rxd2 28.
Bxd2 Qxd2 29. Rd1 Nxe5 30. Qb3 Qg5 31. Bxb7 Rd8 32. Rf1 Rd3 33. Qc2 Rd2 34.
Qc8+ Qd8 35. Rc1 Kg7 36. Qxd8 Rxd8 37. Bc8 Kf6 38. Rc7 a5 39. bxa5 bxa5 40. Ba6
Rd1+ 41. Bf1 Nd3 42. Ra7 Nf4 43. g3 h4 44. gxf4 h3 45. Rxa5 h2+ 46. Kxh2 Rxf1
47. Kg3 Ra1 48. Kf3 Ke7 49. Ke3 Kd6 50. Kf3 f5 51. Kg3 Rg1+ 52. Kf3 Ra1 53. Ra7
Rb1 54. Ra6+ Kd5 55. Ra5+ Kd6 56. Re5 g5 57. Re3 g4+ 58. Kg2 Rb2 59. Kg3 Ra2
60. f3 gxf3 61. Kxf3 Rd2 62. Kg3 Rd4 63. Kf3 Rd2 64. Rb3 Ra2 65. Rd3+ Ke7 66.
Ke3 Rh2 67. Kd4 Rf2 68. Ke3 Ra2 69. Rc3 Rh2 70. a4 Kd6 71. Rd3+ Ke7 72. Rd4 Rc2
73. Kd3 Ra2 74. Kc3 Re2 75. a5 e5 76. Ra4 exf4 77. a6 f3 78. a7 f2 79. a8=Q
f1=Q 80. Ra7+ Kf6 81. Qh8+ Kg5 82. Rg7+ Kf4 83. Qh4+ Ke5 84. Qd4+ Ke6 85. Rg6+
Kf7 86. Qf6+ Ke8 87. Rg8+ Kd7 88. Rg7+ Ke8 89. Qf7+ 1-0

[Event "61. BEM 2007"]
[Site "Dortmund"]
[Date "2007.02.27"]
[Round "2.2"]
[White "Grube, Jörg"]
[Black "Kartsev, Soel"]
[Result "0-1"]
[WhiteElo "1829"]
[BlackElo "2180"]
[PlyCount "56"]
[EventDate "2007.??.??"]
[Source "SG Dortmund"]
[SourceDate "2004.12.16"]

1. e4 c5 2. Nf3 d6 3. d4 cxd4 4. Nxd4 Nf6 5. Nc3 a6 6. Be3 Ng4 7. Bg5 h6 8. Bh4
g5 9. Bg3 Bg7 10. Be2 h5 11. Bxg4 Bxg4 12. f3 Bd7 13. Qd2 g4 14. Bh4 Nc6 15.
Nxc6 bxc6 16. Na4 Rb8 17. c4 Be6 18. Rc1 gxf3 19. gxf3 d5 20. exd5 cxd5 21. c5
Bh6 22. Qd4 Rg8 23. Rc2 Qa5+ 24. Nc3 Rb4 25. Qf2 d4 26. a3 Rxb2 27. Rxb2 Qxc3+
28. Kd1 Qc1+ 0-1

[Event "61. BEM 2007"]
[Site "Dortmund"]
[Date "2007.02.27"]
[Round "2.3"]
[White "Krause, Dieter"]
[Black "Tkachuk, Konstantyn"]
[Result "0-1"]
[WhiteElo "1824"]
[BlackElo "2090"]
[PlyCount "98"]
[EventDate "2007.??.??"]
[Source "SG Dortmund"]
[SourceDate "2004.12.16"]

1. Nf3 Nf6 2. d4 g6 3. Bf4 Bg7 4. e3 O-O 5. h3 d6 6. Be2 Nbd7 7. O-O c6 8. c4
Re8 9. Nc3 Qa5 10. Bh2 e5 11. dxe5 dxe5 12. Qc2 Qc7 13. b4 Nf8 14. Rfd1 Bf5 15.
Qb3 N6d7 16. Rac1 h6 17. c5 Be6 18. Bc4 f5 19. Rd6 Bxc4 20. Qxc4+ Kh7 21. Qf7
Qd8 22. Rcd1 Re7 23. Qc4 Qe8 24. g4 e4 25. Nh4 Bf6 26. Ng2 Ne5 27. Qb3 Nf3+ 28.
Kh1 Bg7 29. Bg3 fxg4 30. hxg4 g5 31. Ne1 Nxe1 32. Rxe1 Qc8 33. Qd1 Bxc3 34. Rg1
Ng6 35. Kg2 Bg7 36. Qe2 Ne5 37. Bxe5 Bxe5 38. f4 exf3+ 39. Qxf3 Bxd6 40. cxd6
Rg7 41. Qe4+ Kg8 42. Qc4+ Rf7 43. Rf1 Qd7 44. Rf6 Re8 45. Rxh6 Kg7 46. Rh5 Qe6
47. Rxg5+ Kf8 48. Qc5 Qe4+ 49. Kh2 Rf2+ 0-1

[Event "61. BEM 2007"]
[Site "Dortmund"]
[Date "2007.02.27"]
[Round "2.4"]
[White "Zelt, Jens"]
[Black "Grewe, Markus"]
[Result "1/2-1/2"]
[WhiteElo "2063"]
[BlackElo "1766"]
[PlyCount "78"]
[EventDate "2007.??.??"]
[Source "SG Dortmund"]
[SourceDate "2004.12.16"]

1. d4 d5 2. Nf3 Nf6 3. Bf4 Bf5 4. c3 c6 5. Nbd2 e6 6. Qb3 Qb6 7. h3 Nbd7 8. e3
h6 9. Be2 Be7 10. O-O O-O 11. c4 Rfe8 12. c5 Qxb3 13. Nxb3 Rac8 14. Rfc1 Ne4
15. Na5 e5 16. Nxe5 Nxe5 17. Bxe5 Bh4 18. g3 Bg5 19. g4 Bg6 20. Nxb7 f6 21. Bh2
Nxf2 22. Kxf2 Bxe3+ 23. Kf3 Bxd4 24. Bf4 Be4+ 25. Kg3 g5 26. Bd2 Rb8 27. Ba6
Re7 28. Bc3 Be3 29. Nd6 d4 30. Nxe4 Rxe4 31. Bd3 Re5 32. Bc4+ Kg7 33. Rc2 dxc3
34. bxc3 Rxc5 35. Bf1 Rd8 36. Rb1 Rd7 37. Kf3 Bf4 38. Re1 Be5 39. c4 Ra5
1/2-1/2

[Event "61. BEM 2007"]
[Site "Dortmund"]
[Date "2007.02.27"]
[Round "2.5"]
[White "Werner, Patrick"]
[Black "Watzlawek, Markus"]
[Result "0-1"]
[WhiteElo "1783"]
[BlackElo "1967"]
[PlyCount "89"]
[EventDate "2007.??.??"]
[Source "SG Dortmund"]
[SourceDate "2004.12.16"]

1. e4 c5 2. Nf3 d6 3. d4 cxd4 4. Nxd4 Nf6 5. Nc3 a6 6. Be3 e5 7. Nb3 Be6 8. f3
Nbd7 9. Qd2 Be7 10. O-O-O b5 11. g4 Nb6 12. g5 Nh5 13. Nd5 Nxd5 14. exd5 Bd7
15. Na5 Qc7 16. Bd3 Bd8 17. b4 O-O 18. Qf2 Qc3 19. Qe1 Qa1+ 20. Kd2 Qxa2 21.
Qh4 Bxa5 22. Ra1 Bxb4+ 23. Qxb4 Qxd5 24. Ke2 Nf4+ 25. Bxf4 exf4 26. Qxf4 Qe5+
27. Qxe5 dxe5 28. Be4 Ra7 29. Rhd1 Be6 30. Rd6 Bc4+ 31. Ke3 a5 32. Bd5 Rc8 33.
Bxc4 bxc4 34. Rd5 a4 35. Rxe5 Kf8 36. Rb5 Ke7 37. Re5+ Kd6 38. Ke4 a3 39. Rd1+
Kc6 40. Ra1 Rb8 41. Kd4 a2 42. Rc5+ Kd7 43. Rd5+ Ke8 44. Re5+ Kf8 45. Rc5 0-1

[Event "61. BEM 2007"]
[Site "Dortmund"]
[Date "2007.02.27"]
[Round "2.6"]
[White "Schultz, Bernfried"]
[Black "Begna, Bozidar"]
[Result "0-1"]
[WhiteElo "1708"]
[BlackElo "1953"]
[PlyCount "44"]
[EventDate "2007.??.??"]
[Source "SG Dortmund"]
[SourceDate "2004.12.16"]

1. e4 Nf6 2. e5 Nd5 3. d4 d6 4. c4 Nb6 5. f4 dxe5 6. fxe5 Nc6 7. Nf3 Bg4 8. Be3
e6 9. a3 Bxf3 10. gxf3 Qh4+ 11. Bf2 Qf4 12. c5 Nd5 13. Bb5 Be7 14. Nc3 Rd8 15.
Nxd5 Rxd5 16. Bxc6+ bxc6 17. Qa4 Rxe5+ 18. Kf1 O-O 19. Qxc6 Rd5 20. Ke2 Bg5 21.
Rad1 Rfd8 22. Bg3 Qe3+ 0-1